[Event "Toronto ch reserves"]
[Site "Toronto CAN"]
[Date "2001.01.24"]
[Round "6"]
[White "Chen, Chin Hua"]
[Black "Laughlin, Steve"]
[Result "1-0"]
[WhiteElo "2000"]
[BlackElo "1984"]
[PlyCount "92"]
[GameId "2160767911618851"]
[EventDate "2001.01.10"]
[EventType "tourn"]
[EventRounds "11"]
[EventCountry "CAN"]
[SourceTitle "EXT 2003"]
[Source "ChessBase"]
[SourceDate "2002.11.25"]
[SourceVersion "1"]
[SourceVersionDate "2002.11.25"]
[SourceQuality "1"]

1. d4 Nf6 2. c4 g6 3. Nc3 Bg7 4. e4 d6 5. Nf3 O-O 6. Bd3 Nbd7 7. Bg5 h6 8. Bh4 e5 9. O-O Qe8 10. dxe5 dxe5 11. Qd2 c6 12. b4 Nh5 13. c5 Nf4 14. Bc4 Kh7 15. Qd6 g5 16. Bg3 Nf6 17. h4 g4 18. Nxe5 N6h5 19. Bxf4 Nxf4 20. Nxg4 Bxg4 21. Qxf4 Bxc3 22. Qxg4 Bxa1 23. Qf5+ Kg7 24. Rxa1 f6 25. Rd1 Rd8 26. Rd6 Rxd6 27. cxd6 Qe5 28. Qg4+ Kh8 29. d7 Qe7 30. Be6 Qg7 31. Qf4 b6 32. Qc7 Qe7 33. Qxc6 Qxb4 34. Qc7 Qe1+ 35. Kh2 Qd2 36. Bf5 Qxf2 37. Bh3 Rd8 38. Qxd8+ Kg7 39. Qc7 Kf8 40. Qg3 h5 41. Qb3 Qe3 42. Bg4 Qf4+ 43. g3 Kg7 44. Qxb6 Qf1 45. Bxh5 Kh6 46. Be8 Kg7 1-0

[Event "Toronto ch reserves"]
[Site "Toronto CAN"]
[Date "2001.01.24"]
[Round "6"]
[White "Gebhardt, David"]
[Black "Sherman, Robert"]
[Result "1-0"]
[WhiteElo "1904"]
[BlackElo "1925"]
[PlyCount "73"]
[GameId "2160767911618852"]
[EventDate "2001.01.10"]
[EventType "tourn"]
[EventRounds "11"]
[EventCountry "CAN"]
[SourceTitle "EXT 2003"]
[Source "ChessBase"]
[SourceDate "2002.11.25"]
[SourceVersion "1"]
[SourceVersionDate "2002.11.25"]
[SourceQuality "1"]

1. e4 c5 2. Nf3 d6 3. d4 cxd4 4. Nxd4 Nf6 5. Nc3 g6 6. Be3 Bg7 7. f3 O-O 8. Qd2 Nc6 9. g4 Bxg4 10. fxg4 Nxg4 11. Nxc6 bxc6 12. Bg5 Rb8 13. Be2 Ne5 14. h4 Rxb2 15. Bh6 Rxc2 16. Qxc2 Bxh6 17. Rb1 Qa5 18. Rb7 Qc5 19. Rxe7 Qe3 20. Kd1 Qd4+ 21. Ke1 Bf4 22. Nd1 Bg3+ 23. Kf1 f5 24. Qb3+ d5 25. Qxg3 fxe4+ 26. Kg2 Nd3 27. Bxd3 exd3 28. Qh3 Kh8 29. Qe6 Qf4 30. Qe5+ Qxe5 31. Rxe5 Rf4 32. Kg3 Rd4 33. h5 g5 34. h6 Kg8 35. Rf1 Rf4 36. Rxf4 gxf4+ 37. Kxf4 1-0

[Event "Toronto ch reserves"]
[Site "Toronto CAN"]
[Date "2001.01.24"]
[Round "6"]
[White "Haziprodromu, Sam"]
[Black "Millar, David"]
[Result "1-0"]
[WhiteElo "1902"]
[BlackElo "1951"]
[PlyCount "56"]
[GameId "2160767911618853"]
[EventDate "2001.01.10"]
[EventType "tourn"]
[EventRounds "11"]
[EventCountry "CAN"]

1. e4 c5 2. d4 cxd4 3. c3 dxc3 4. Nxc3 Nc6 5. Nf3 d6 6. Bc4 e6 7. O-O Nf6 8. Qe2 Be7 9. Rd1 e5 10. h3 O-O 11. Be3 a6 12. Rac1 Be6 13. Bxe6 fxe6 14. Qc4 Qd7 15. Ng5 Nd8 16. Bb6 Rc8 17. Qb3 h6 18. Nf3 Nc6 19. Rc2 Nh5 20. Rcd2 Nf4 21. Ne1 Nd4 22. Bxd4 exd4 23. Ne2 Nxe2+ 24. Rxe2 Kh8 25. Rxd4 Bf6 26. e5 Bh4 27. Rxh4 Rc1 28. Qe3 d5 1-0

[Event "Toronto ch reserves"]
[Site "Toronto CAN"]
[Date "2001.01.24"]
[Round "6"]
[White "Lucki, Arnie"]
[Black "Paterson, Jim"]
[Result "1/2-1/2"]
[WhiteElo "1885"]
[BlackElo "1967"]
[PlyCount "62"]
[GameId "2160767911618854"]
[EventDate "2001.01.10"]
[EventType "tourn"]
[EventRounds "11"]
[EventCountry "CAN"]
[SourceTitle "EXT 2003"]
[Source "ChessBase"]
[SourceDate "2002.11.25"]
[SourceVersion "1"]
[SourceVersionDate "2002.11.25"]
[SourceQuality "1"]

1. d4 e6 2. c4 f5 3. Nf3 Nf6 4. d5 Bb4+ 5. Bd2 Qe7 6. dxe6 Bxd2+ 7. Qxd2 dxe6 8. Nc3 Nc6 9. g3 O-O 10. Bg2 Rd8 11. Qc1 Bd7 12. O-O Be8 13. Qf4 Bg6 14. Ne5 Nxe5 15. Qxe5 Ng4 16. Qb5 c6 17. Qb3 Rd2 18. Rad1 Rad8 19. Nd5 R2xd5 20. cxd5 exd5 21. h3 Nf6 22. e3 Bf7 23. Qc2 Bg6 24. Qa4 Bh5 25. Rc1 Ne4 26. Bxe4 fxe4 27. Qxa7 Rf8 28. Kh2 Be2 29. Rg1 Rxf2+ 30. Rg2 Qf8 31. Rcg1 Bf1 1/2-1/2

[Event "Toronto ch reserves"]
[Site "Toronto CAN"]
[Date "2001.01.24"]
[Round "6"]
[White "Richardson, Ross"]
[Black "Cohen, David"]
[Result "1-0"]
[WhiteElo "1951"]
[BlackElo "1956"]
[PlyCount "61"]
[GameId "2160767911618855"]
[EventDate "2001.01.10"]
[EventType "tourn"]
[EventRounds "11"]
[EventCountry "CAN"]
[SourceTitle "EXT 2003"]
[Source "ChessBase"]
[SourceDate "2002.11.25"]
[SourceVersion "1"]
[SourceVersionDate "2002.11.25"]
[SourceQuality "1"]

1. d4 d5 2. c4 e6 3. Nc3 Nf6 4. Bg5 Be7 5. e3 O-O 6. Qc2 c6 7. Nf3 Nbd7 8. Bd3 dxc4 9. Bxc4 Nb6 10. Bd3 h6 11. h4 Re8 12. Bxf6 Bxf6 13. g4 Nd5 14. O-O-O Nxc3 15. Qxc3 Bd7 16. g5 hxg5 17. hxg5 Bxg5 18. Rh5 Bf6 19. Rdh1 g6 20. Rh7 Bg7 21. Ne5 Qe7 22. Qc2 f5 23. f4 Rad8 24. Qh2 Qf6 25. Rh8+ Bxh8 26. Qh7+ Kf8 27. Nxg6+ Qxg6 28. Qxg6 Ke7 29. Rh7+ Kd6 30. Bxf5 Kd5 31. Rxd7+ 1-0

[Event "Toronto ch reserves"]
[Site "Toronto CAN"]
[Date "2001.01.24"]
[Round "6"]
[White "Shah, Omar"]
[Black "Pe, Joe-Mari"]
[Result "0-1"]
[WhiteElo "1863"]
[BlackElo "1931"]
[PlyCount "84"]
[GameId "2160767911618856"]
[EventDate "2001.01.10"]
[EventType "tourn"]
[EventRounds "11"]
[EventCountry "CAN"]
[SourceTitle "EXT 2003"]
[Source "ChessBase"]
[SourceDate "2002.11.25"]
[SourceVersion "1"]
[SourceVersionDate "2002.11.25"]
[SourceQuality "1"]

1. e4 c5 2. Nf3 Nc6 3. d4 cxd4 4. Nxd4 d6 5. Nc3 g6 6. Be3 Bg7 7. Qd2 h5 8. f3 Bd7 9. Bc4 Rc8 10. Bb3 Nf6 11. O-O-O Na5 12. Kb1 a6 13. h3 b5 14. g4 Nc4 15. Bxc4 bxc4 16. g5 Nh7 17. f4 Rb8 18. Nce2 Qc8 19. f5 Qb7 20. Qc1 Qxe4 21. Ng3 Qb7 22. fxg6 fxg6 23. Rdf1 h4 24. Nge2 e5 25. Nf3 Bc6 26. Neg1 Rf8 27. b3 Bxf3 28. Nxf3 Rxf3 29. Re1 e4 30. Qa3 Be5 31. Qa5 Rf5 32. Rhf1 cxb3 33. axb3 Qb5 34. Qc7 Rxf1 35. Rxf1 Qxf1+ 36. Bc1 Rb5 37. Qc8+ Kf7 38. Qd7+ Kg8 39. Qe6+ Qf7 40. Qc8+ Nf8 41. Qxa6 Qb7 42. Qa4 d5 0-1

[Event "Toronto ch reserves"]
[Site "Toronto CAN"]
[Date "2001.01.29"]
[Round "7"]
[White "Cohen, David"]
[Black "Paterson, Jim"]
[Result "1-0"]
[WhiteElo "1956"]
[BlackElo "1967"]
[PlyCount "83"]
[GameId "2160767911618857"]
[EventDate "2001.01.10"]
[EventType "tourn"]
[EventRounds "11"]
[EventCountry "CAN"]
[SourceTitle "EXT 2003"]
[Source "ChessBase"]
[SourceDate "2002.11.25"]
[SourceVersion "1"]
[SourceVersionDate "2002.11.25"]
[SourceQuality "1"]

1. e4 e6 2. d4 d5 3. Nd2 b6 4. exd5 Qxd5 5. Ngf3 Nf6 6. Bc4 Qd8 7. Qe2 Bb7 8. O-O Be7 9. c3 O-O 10. Re1 Nbd7 11. Ng5 e5 12. dxe5 Nd5 13. Ndf3 Nc5 14. Rd1 Bxg5 15. Bxg5 Qd7 16. Rac1 h6 17. Be3 Ne6 18. Bxd5 Bxd5 19. c4 Bxf3 20. Qxf3 Qe7 21. Rd5 Rad8 22. h3 Qh4 23. Qg4 Qxg4 24. hxg4 g5 25. g3 c6 26. Rdd1 f6 27. exf6 Rxf6 28. Rxd8+ Nxd8 29. Rd1 Nb7 30. Rd7 Rf7 31. Rd3 c5 32. Kg2 Kg7 33. Bd2 Kg6 34. Bc3 Re7 35. Rf3 Re6 36. Rf8 Nd6 37. f4 gxf4 38. gxf4 Re8 39. Rf6+ Kh7 40. Rxd6 Re2+ 41. Kf3 Re7 42. f5 1-0

[Event "Toronto ch reserves"]
[Site "Toronto CAN"]
[Date "2001.01.29"]
[Round "7"]
[White "Laughlin, Steve"]
[Black "Gebhardt, David"]
[Result "1-0"]
[WhiteElo "1984"]
[BlackElo "1904"]
[PlyCount "100"]
[GameId "2160767911618858"]
[EventDate "2001.01.10"]
[EventType "tourn"]
[EventRounds "11"]
[EventCountry "CAN"]
[SourceTitle "EXT 2003"]
[Source "ChessBase"]
[SourceDate "2002.11.25"]
[SourceVersion "1"]
[SourceVersionDate "2002.11.25"]
[SourceQuality "1"]

1. e4 e5 2. Nf3 Nf6 3. Nxe5 d6 4. Nf3 Nxe4 5. d4 d5 6. Bd3 Nc6 7. O-O Bg4 8. c3 Be7 9. Re1 f5 10. Nbd2 Qd6 11. Qb3 O-O-O 12. Ne5 Nxe5 13. dxe5 Qg6 14. Nxe4 fxe4 15. Bf1 Bc5 16. Be3 Bxe3 17. Rxe3 Rhf8 18. Rg3 Qf5 19. f3 exf3 20. gxf3 h5 21. fxg4 Qf2+ 22. Kh1 h4 23. Rg2 Qf4 24. e6 h3 25. e7 hxg2+ 26. Bxg2 c6 27. Rf1 Qd6 28. Rxf8 Qxe7 29. Rxd8+ Kxd8 30. Qd1 Kc7 31. h3 Qe3 32. a4 b6 33. a5 bxa5 34. Qd4 Qxd4 35. cxd4 Kd6 36. h4 c5 37. dxc5+ Kxc5 38. h5 Kd4 39. Kg1 Ke5 40. Kf2 Kf4 41. Bf3 a6 42. Ke2 a4 43. Kd3 Ke5 44. Bd1 a3 45. bxa3 a5 46. Bf3 d4 47. Bd1 Kd5 48. Be2 Ke5 49. Bf3 Kf4 50. Kxd4 Kxf3 1-0

[Event "Toronto ch reserves"]
[Site "Toronto CAN"]
[Date "2001.01.29"]
[Round "7"]
[White "Millar, David"]
[Black "Richardson, Ross"]
[Result "0-1"]
[WhiteElo "1951"]
[BlackElo "1951"]
[PlyCount "70"]
[GameId "2160767911618859"]
[EventDate "2001.01.10"]
[EventType "tourn"]
[EventRounds "11"]
[EventCountry "CAN"]
[SourceTitle "EXT 2003"]
[Source "ChessBase"]
[SourceDate "2002.11.25"]
[SourceVersion "1"]
[SourceVersionDate "2002.11.25"]
[SourceQuality "1"]

1. d4 d5 2. c4 e6 3. Nc3 c6 4. e3 Nf6 5. Nf3 Nbd7 6. Bd3 Bd6 7. O-O O-O 8. Re1 e5 9. cxd5 cxd5 10. e4 exd4 11. Nxd5 Nxd5 12. exd5 Nf6 13. Bg5 h6 14. Bh4 Bg4 15. h3 Bh5 16. g4 Bg6 17. Bxg6 fxg6 18. Nxd4 Qb6 19. Kg2 Nxd5 20. Ne6 Qc6 21. Kg1 Nf4 22. Nxf4 Bxf4 23. Qb3+ Kh8 24. Re6 Qc5 25. Be7 Bh2+ 26. Kh1 Qxf2 27. Bxf8 Rxf8 28. Qxb7 Rf3 29. Re8+ Kh7 30. Qa8 Bb8 31. Rh8+ Kxh8 32. Qxb8+ Kh7 33. Qh2 Qh4 34. Kg1 Rxh3 35. Qf2 Rh1+ 0-1

[Event "Toronto ch reserves"]
[Site "Toronto CAN"]
[Date "2001.01.29"]
[Round "7"]
[White "Pe, Joe-Mari"]
[Black "Chen, Chin Hua"]
[Result "1-0"]
[WhiteElo "1931"]
[BlackElo "2000"]
[PlyCount "67"]
[GameId "2160767911618860"]
[EventDate "2001.01.10"]
[EventType "tourn"]
[EventRounds "11"]
[EventCountry "CAN"]
[SourceTitle "EXT 2003"]
[Source "ChessBase"]
[SourceDate "2002.11.25"]
[SourceVersion "1"]
[SourceVersionDate "2002.11.25"]
[SourceQuality "1"]

1. c4 Nf6 2. Nc3 e6 3. g3 Bb4 4. Bg2 O-O 5. Nf3 d5 6. d4 dxc4 7. e3 Nbd7 8. Nd2 Nb6 9. Qc2 c6 10. O-O Qc7 11. Nce4 Nxe4 12. Nxe4 e5 13. Ng5 f5 14. a4 a5 15. Nf3 e4 16. Ne5 Be6 17. f3 exf3 18. Nxf3 Bd5 19. Ne5 g6 20. e4 fxe4 21. Bh6 Rxf1+ 22. Rxf1 Bd6 23. Bxe4 Bxe5 24. dxe5 Bxe4 25. Qxe4 Qe7 26. e6 Qc5+ 27. Be3 Qd5 28. Qf4 c5 29. Qf7+ Kh8 30. Bh6 Qd4+ 31. Rf2 Qd1+ 32. Kg2 Qd5+ 33. Rf3 Qe5 34. Qf8+ 1-0

[Event "Toronto ch reserves"]
[Site "Toronto CAN"]
[Date "2001.01.29"]
[Round "7"]
[White "Shah, Omar"]
[Black "Lucki, Arnie"]
[Result "0-1"]
[WhiteElo "1863"]
[BlackElo "1885"]
[PlyCount "157"]
[GameId "2160767911618861"]
[EventDate "2001.01.10"]
[EventType "tourn"]
[EventRounds "11"]
[EventCountry "CAN"]
[SourceTitle "EXT 2003"]
[Source "ChessBase"]
[SourceDate "2002.11.25"]
[SourceVersion "1"]
[SourceVersionDate "2002.11.25"]
[SourceQuality "1"]

1. e4 Nf6 2. e5 Nd5 3. d4 d6 4. Nf3 g6 5. c4 Nb6 6. Bg5 Bg7 7. exd6 cxd6 8. Be2 O-O 9. O-O Nc6 10. Nc3 Bg4 11. c5 dxc5 12. dxc5 Qxd1 13. Raxd1 Bxc3 14. bxc3 Na4 15. h3 Nxc3 16. hxg4 Nxe2+ 17. Kh2 f6 18. Bh6 Rfd8 19. Rb1 Rd7 20. Rb2 Nc3 21. Rc2 Nd5 22. Bd2 Rad8 23. Rb1 e5 24. Rc4 Nde7 25. Bc3 Nd5 26. Bd2 Re8 27. Re1 Rde7 28. Ree4 f5 29. gxf5 gxf5 30. Rh4 e4 31. Nd4 Ne5 32. Ra4 Ng4+ 33. Kg1 e3 34. fxe3 Rxe3 35. Bxe3 Rxe3 36. Rxg4+ fxg4 37. Nf5 Rc3 38. Rxg4+ Kf8 39. Nh6 Rxc5 40. Rg8+ Ke7 41. Rg7+ Kf6 42. Rxb7 Ra5 43. Ng4+ Kf5 44. Nf2 h5 45. Rb2 Nc3 46. Rc2 Nxa2 47. Nh3 Ke4 48. Rc4+ Ke3 49. Rh4 Nc3 50. Nf4 Ne2+ 51. Nxe2 Kxe2 52. Kh2 Kf2 53. Rf4+ Ke3 54. Rh4 a6 55. Kh1 Rg5 56. Kh2 a5 57. Ra4 Kd3 58. Kh3 Kc3 59. Ra1 Kb2 60. Rf1 a4 61. Rf2+ Kb3 62. Rf3+ Kb4 63. Rf4+ Kb5 64. Rf8 a3 65. Rf3 Kb4 66. Rf4+ Kc3 67. Rf3+ Kb2 68. Rf2+ Kc1 69. Rf1+ Kd2 70. Rf2+ Ke1 71. Ra2 Ra5 72. Kh4 Kd1 73. g3 Kc1 74. Rg2 a2 75. Rxa2 Rxa2 76. Kxh5 Kd2 77. g4 Ke3 78. Kg5 Ra5+ 79. Kh4 0-1

[Event "Toronto ch reserves"]
[Site "Toronto CAN"]
[Date "2001.01.29"]
[Round "7"]
[White "Sherman, Robert"]
[Black "Haziprodromu, Sam"]
[Result "0-1"]
[WhiteElo "1925"]
[BlackElo "1902"]
[PlyCount "86"]
[GameId "2160767911618862"]
[EventDate "2001.01.10"]
[EventType "tourn"]
[EventRounds "11"]
[EventCountry "CAN"]
[SourceTitle "EXT 2003"]
[Source "ChessBase"]
[SourceDate "2002.11.25"]
[SourceVersion "1"]
[SourceVersionDate "2002.11.25"]
[SourceQuality "1"]

1. e4 e5 2. Bc4 Nf6 3. d4 exd4 4. Nf3 d5 5. exd5 Bb4+ 6. c3 dxc3 7. Nxc3 O-O 8. O-O h6 9. Qd3 Nbd7 10. d6 Nb6 11. dxc7 Qxc7 12. Bb3 Rd8 13. Qc2 Bg4 14. Nd2 Bxc3 15. bxc3 Be2 16. Ne4 Ng4 17. Ng3 Bxf1 18. Nxf1 Rac8 19. Qf5 Qd7 20. Qg6 Nc4 21. Qe4 Re8 22. Qf4 Nce5 23. Be3 Nxe3 24. Nxe3 Rxc3 25. Rd1 Rd3 26. Rc1 Rd4 27. Qg3 Rd2 28. h3 Kh8 29. Rc5 Qe7 30. Nf5 Qf6 31. Ne3 Nd3 32. Rf5 Qa1+ 33. Kh2 Qe1 34. Rxf7 Rg8 35. Rf6 Re8 36. Rf7 Rg8 37. Rf6 Re8 38. Rf7 Qa1 39. Nf5 Nxf2 40. Qxg7+ Qxg7 41. Rxg7 Rf8 42. Bf7 Rd7 43. Rg6 Rdxf7 0-1

[Event "Toronto ch reserves"]
[Site "Toronto CAN"]
[Date "2001.01.31"]
[Round "8"]
[White "Chen, Chin Hua"]
[Black "Shah, Omar"]
[Result "1-0"]
[WhiteElo "2000"]
[BlackElo "1863"]
[PlyCount "83"]
[GameId "2160767911618863"]
[EventDate "2001.01.10"]
[EventType "tourn"]
[EventRounds "11"]
[EventCountry "CAN"]
[SourceTitle "EXT 2003"]
[Source "ChessBase"]
[SourceDate "2002.11.25"]
[SourceVersion "1"]
[SourceVersionDate "2002.11.25"]
[SourceQuality "1"]

1. e4 c5 2. Nf3 d6 3. d4 cxd4 4. Nxd4 Nf6 5. Nc3 a6 6. a4 e6 7. Be2 Be7 8. O-O O-O 9. f4 Qc7 10. Be3 b6 11. Qd3 Bb7 12. g4 Nc6 13. g5 Nd7 14. Bg4 Nb4 15. Qe2 Nc5 16. Bd2 Nc6 17. Nf3 Rfe8 18. h4 Bf8 19. h5 Rad8 20. g6 f5 21. gxh7+ Kh8 22. Bh3 fxe4 23. Nxe4 Nxe4 24. Qxe4 Ne5 25. Qe2 Nxf3+ 26. Rxf3 Bxf3 27. Qxf3 Qxc2 28. Bc3 d5 29. Be5 Bc5+ 30. Kh1 Qe4 31. Kg2 Qc2+ 32. Kg3 Bd6 33. Re1 Qxa4 34. Qc3 Bxe5 35. Qxe5 Kxh7 36. Bxe6 Qc6 37. h6 gxh6 38. Qf5+ Kg7 39. Qf7+ Kh8 40. Qf6+ Kh7 41. Bf5+ Kg8 42. Qxc6 1-0

[Event "Toronto ch reserves"]
[Site "Toronto CAN"]
[Date "2001.01.31"]
[Round "8"]
[White "Gebhardt, David"]
[Black "Pe, Joe-Mari"]
[Result "0-1"]
[WhiteElo "1904"]
[BlackElo "1931"]
[PlyCount "162"]
[GameId "2160767911618864"]
[EventDate "2001.01.10"]
[EventType "tourn"]
[EventRounds "11"]
[EventCountry "CAN"]
[SourceTitle "EXT 2003"]
[Source "ChessBase"]
[SourceDate "2002.11.25"]
[SourceVersion "1"]
[SourceVersionDate "2002.11.25"]
[SourceQuality "1"]

1. e4 c5 2. Nf3 Nc6 3. d4 cxd4 4. Nxd4 d6 5. Nc3 g6 6. Be3 Bg7 7. Qd2 Bd7 8. Be2 h5 9. Nd5 Nf6 10. f3 Nxd5 11. exd5 Nxd4 12. Bxd4 Bxd4 13. Qxd4 Rg8 14. g4 hxg4 15. fxg4 Qc8 16. c3 Qc5 17. Qxc5 dxc5 18. a4 a6 19. Kd2 O-O-O 20. b4 Be6 21. c4 cxb4 22. a5 Kc7 23. Rab1 Bc8 24. Rxb4 e6 25. Bf3 exd5 26. cxd5 Rh8 27. h4 Rd6 28. g5 Rhd8 29. Rc1+ Rc6 30. Rcb1 Rc5 31. Ke3 Rxa5 32. d6+ Rxd6 33. Bxb7 Ra3+ 34. Kf4 Bf5 35. Rc1+ Kd8 36. Bf3 Rad3 37. h5 R6d4+ 38. Rxd4+ Rxd4+ 39. Ke5 Rd3 40. Rf1 Bh3 41. Rf2 Be6 42. h6 Ke7 43. Rh2 Rd8 44. Rc2 Kf8 45. Kf6 Rd4 46. Rh2 Rf4+ 47. Ke5 Rf5+ 48. Kd4 Kg8 49. Bb7 a5 50. Rg2 a4 51. Rg3 Ra5 52. Ra3 Rxg5 53. Rxa4 Rg4+ 54. Be4 f5 55. Ra8+ Kh7 56. Ke5 Rxe4+ 57. Kf6 Bc4 58. Rc8 f4 59. Kg5 Re5+ 60. Kxf4 Rf5+ 61. Kg3 Bf7 62. Ra8 Kxh6 63. Ra4 Be6 64. Rd4 Re5 65. Kf4 Rc5 66. Kg3 g5 67. Rd6 Re5 68. Rb6 Kh5 69. Rb7 Bf5 70. Rb8 Re3+ 71. Kf2 Rc3 72. Rf8 Kg4 73. Rf6 Be4 74. Rh6 Kf4 75. Rh8 Rc2+ 76. Kf1 Bg2+ 77. Ke1 Ke3 78. Re8+ Be4 79. Kd1 Rg2 80. Kc1 g4 81. Rc8 Rc2+ 0-1

[Event "Toronto ch reserves"]
[Site "Toronto CAN"]
[Date "2001.01.31"]
[Round "8"]
[White "Haziprodromu, Sam"]
[Black "Laughlin, Steve"]
[Result "0-1"]
[WhiteElo "1902"]
[BlackElo "1984"]
[PlyCount "68"]
[GameId "2160767911618865"]
[EventDate "2001.01.10"]
[EventType "tourn"]
[EventRounds "11"]
[EventCountry "CAN"]
[SourceTitle "EXT 2003"]
[Source "ChessBase"]
[SourceDate "2002.11.25"]
[SourceVersion "1"]
[SourceVersionDate "2002.11.25"]
[SourceQuality "1"]

1. Nf3 Nf6 2. d3 g6 3. g3 Bg7 4. Bg2 O-O 5. O-O d6 6. e4 Nbd7 7. h3 e5 8. Be3 h6 9. Qd2 Kh7 10. Nc3 c5 11. Nd1 Rb8 12. c3 b6 13. Nh2 Bb7 14. c4 Nh5 15. Bf3 Nhf6 16. Nc3 a6 17. a4 Ne8 18. Rab1 f5 19. Ne2 Ndf6 20. Nc3 Qd7 21. Bg2 Nh5 22. Qe2 f4 23. gxf4 Nxf4 24. Bxf4 exf4 25. Nf3 Nc7 26. Qd2 Ne6 27. Ne2 Qxa4 28. b4 Qd7 29. bxc5 bxc5 30. Rb6 Qc7 31. Rfb1 Bc6 32. Qa5 Bb5 33. Rxa6 Bxa6 34. Ra1 Rb1+ 0-1

[Event "Toronto ch reserves"]
[Site "Toronto CAN"]
[Date "2001.01.31"]
[Round "8"]
[White "Lucki, Arnie"]
[Black "Cohen, David"]
[Result "0-1"]
[WhiteElo "1855"]
[BlackElo "1956"]
[PlyCount "106"]
[GameId "2160767911618866"]
[EventDate "2001.01.10"]
[EventType "tourn"]
[EventRounds "11"]
[EventCountry "CAN"]
[SourceTitle "EXT 2003"]
[Source "ChessBase"]
[SourceDate "2002.11.25"]
[SourceVersion "1"]
[SourceVersionDate "2002.11.25"]
[SourceQuality "1"]

1. c4 e5 2. Nc3 Nf6 3. g3 d5 4. cxd5 Nxd5 5. Bg2 Nxc3 6. bxc3 Be7 7. Rb1 c6 8. e3 O-O 9. Ne2 Qd3 10. Bb2 Bf5 11. Ra1 Nd7 12. O-O Rfd8 13. Nc1 Qb5 14. Qb3 Qxb3 15. axb3 e4 16. f3 exf3 17. Bxf3 Bh3 18. Rf2 Ne5 19. d4 Nxf3+ 20. Rxf3 f5 21. Nd3 Bg4 22. Rf2 Bg5 23. Nf4 Re8 24. Bc1 a5 25. Kg2 Bd1 26. Ra3 Be7 27. Ra1 Bxb3 28. Rb2 a4 29. Nd3 b5 30. Bd2 Bd5+ 31. Kf2 Bd6 32. Nb4 Bxb4 33. cxb4 Kf7 34. Ra3 Re6 35. Kg1 Bb3 36. Bc1 Rae8 37. Rf2 g6 38. Ra1 Re4 39. Bd2 Ke6 40. Rc1 Bc4 41. Rc3 Ra8 42. Bc1 Kd5 43. Rf3 Ke6 44. Rf2 Rg4 45. Rfc2 Kd5 46. Kg2 Rc8 47. Kf3 Re4 48. Kg2 Rc7 49. Rf2 Kd6 50. Ba3 Bd5 51. Kf1 Rce7 52. Bc1 Rg4 53. e4 Rgxe4 0-1

[Event "Toronto ch reserves"]
[Site "Toronto CAN"]
[Date "2001.01.31"]
[Round "8"]
[White "Paterson, Jim"]
[Black "Millar, David"]
[Result "0-1"]
[WhiteElo "1967"]
[BlackElo "1951"]
[PlyCount "166"]
[GameId "2160767911618867"]
[EventDate "2001.01.10"]
[EventType "tourn"]
[EventRounds "11"]
[EventCountry "CAN"]
[SourceTitle "EXT 2003"]
[Source "ChessBase"]
[SourceDate "2002.11.25"]
[SourceVersion "1"]
[SourceVersionDate "2002.11.25"]
[SourceQuality "1"]

1. d4 d5 2. e3 Nf6 3. Bd3 c5 4. c3 e6 5. f4 Nc6 6. Nd2 Bd6 7. Qf3 Bd7 8. Ne2 e5 9. fxe5 Bxe5 10. Bf5 Bd6 11. dxc5 Ne5 12. Bxd7+ Qxd7 13. Qh3 Nd3+ 14. Kf1 Qxh3 15. gxh3 Bxc5 16. Nd4 g6 17. Ke2 Nxc1+ 18. Raxc1 O-O 19. Rcf1 Ne4 20. Rhg1 Rae8 21. N2f3 Nd6 22. b3 Re7 23. Kd3 Rfe8 24. Re1 Ne4 25. h4 h5 26. Rg2 Kh8 27. Ng5 Nf6 28. h3 Nd7 29. Rf2 Ne5+ 30. Kd2 Kg8 31. Ree2 a6 32. a4 Kg7 33. Ngf3 Nxf3+ 34. Rxf3 Bxd4 35. cxd4 Re4 36. Kd3 f5 37. Rf4 Rxf4 38. exf4 Re4 39. Rf2 Kf6 40. Rf3 Ke6 41. b4 b5 42. axb5 axb5 43. Rf1 Kd6 44. Rg1 Rxf4 45. Rxg6+ Kc7 46. Rg5 Rxh4 47. Rxf5 Rxh3+ 48. Ke2 Kd6 49. Rf6+ Ke7 50. Rb6 Rb3 51. Rxb5 Ke6 52. Rb8 h4 53. Re8+ Kd6 54. Rh8 h3 55. Kf2 Kc6 56. Rc8+ Kd7 57. Rh8 h2 58. Kg2 Rb1 59. Kxh2 Rxb4 60. Rh4 Rb3 61. Kg2 Re3 62. Kf2 Re6 63. Kf3 Kc6 64. Rf4 Kb5 65. Rf5 Kc4 66. Re5 Rf6+ 67. Ke2 Rh6 68. Kd2 Kxd4 69. Re2 Ra6 70. Ke1 Ra1+ 71. Kf2 Kc4 72. Rc2+ Kd3 73. Rb2 Kc3 74. Rb8 d4 75. Rc8+ Kd2 76. Kf3 Re1 77. Rd8 d3 78. Kf2 Re7 79. Rf8 Kd1 80. Rd8 d2 81. Rc8 Re5 82. Rc7 Rf5+ 83. Ke3 Ke1 0-1

[Event "Toronto ch reserves"]
[Site "Toronto CAN"]
[Date "2001.01.31"]
[Round "8"]
[White "Richardson, Ross"]
[Black "Sherman, Robert"]
[Result "1-0"]
[WhiteElo "1951"]
[BlackElo "1925"]
[PlyCount "51"]
[GameId "2160767911618868"]
[EventDate "2001.01.10"]
[EventType "tourn"]
[EventRounds "11"]
[EventCountry "CAN"]
[SourceTitle "EXT 2003"]
[Source "ChessBase"]
[SourceDate "2002.11.25"]
[SourceVersion "1"]
[SourceVersionDate "2002.11.25"]
[SourceQuality "1"]

1. d4 d5 2. c4 e6 3. Nc3 c5 4. cxd5 cxd4 5. Qa4+ Bd7 6. Qxd4 exd5 7. Nf3 Nc6 8. Qd1 d4 9. Nxd4 Bc5 10. e3 Nf6 11. Be2 Qe7 12. O-O O-O-O 13. a3 g5 14. b4 Bd6 15. Bb2 g4 16. Ncb5 Be5 17. Qc2 Kb8 18. Rac1 a6 19. Nxc6+ Bxc6 20. Bxe5+ Qxe5 21. Nd4 Rxd4 22. exd4 Qd5 23. f3 Qxd4+ 24. Kh1 Nd5 25. Qe4 Qb6 26. Qe5+ 1-0

[Event "Toronto ch reserves"]
[Site "Toronto CAN"]
[Date "2001.01.15"]
[Round "9"]
[White "Chen, Chin Hua"]
[Black "Lucki, Arnie"]
[Result "1-0"]
[WhiteElo "2000"]
[BlackElo "1885"]
[PlyCount "55"]
[GameId "2160767911618869"]
[EventDate "2001.01.10"]
[EventType "tourn"]
[EventRounds "11"]
[EventCountry "CAN"]
[SourceTitle "EXT 2003"]
[Source "ChessBase"]
[SourceDate "2002.11.25"]
[SourceVersion "1"]
[SourceVersionDate "2002.11.25"]
[SourceQuality "1"]

1. d4 f5 2. Nc3 Nf6 3. Nf3 e6 4. d5 Bb4 5. dxe6 O-O 6. exd7 Bxc3+ 7. bxc3 Nbxd7 8. e3 c6 9. Bc4+ Kh8 10. O-O Qa5 11. Bb2 b5 12. Bd3 Nc5 13. Nd4 Nce4 14. Nxc6 Qc7 15. Bxb5 Bb7 16. Nd4 Rfd8 17. Bd3 Ng4 18. g3 Rxd4 19. cxd4 Ng5 20. d5 Bxd5 21. e4 Nh3+ 22. Kg2 Nf4+ 23. gxf4 Qxf4 24. exd5 Re8 25. Bxf5 Qxh2+ 26. Kf3 Qh3+ 27. Kf4 Nh2 28. Bxh3 1-0